| 000 | 01023nam a22001817a 4500 | ||
|---|---|---|---|
| 003 | OSt | ||
| 005 | 20120303100153.0 | ||
| 008 | 110124t xxu||||| |||| 00| 0 eng d | ||
| 040 | _cVPM, Thane | ||
| 100 |
_aपाठक, मोहन _9193 |
||
| 245 | _a०६७ दिशा : मार्च २००३ | ||
| 260 |
_aठाणे _bविद्या प्रसारक मंडळ _c२००३ |
||
| 300 | _a४० | ||
| 520 | _aपाठक, मोहन; मठ, शंकर बा.; भिडे, आशा; अदरकर, प्र. द.; शिंदे, गीतेश; बयाणी, वैशली; ठाकुर, अशोक | ||
| 600 |
_aपाठक, मोहन; मठ, शंकर बा.; भिडे, आशा; अदरकर, प्र. द.; शिंदे, गीतेश; बयाणी, वैशली; ठाकुर, अशोक _9194 |
||
| 856 | _uhttp://dspace.vpmthane.org:8080/jspui/bitstream/123456789/636/1/067dishaMarch2003.pdf | ||
| 942 |
_2ddc _cEJOURNAL |
||
| 999 |
_c827615 _d827612 |
||